NBA 2k22 ratings - Statistics

General Stats
  • This quiz has been taken 411 times
  • The average score is 9 of 15
Answer Stats
Overall Player % Correct
96 LeBron James
99%
96 Stephen Curry
98%
96 Kevin Durant
90%
95 Nikola Jokic
84%
96 Giannis Antetokounpo
80%
95 Joel Embiid
80%
94 Luka Doncic
73%
94 James Harden
70%
95 Kawhi Leonard
65%
90 Jayson Tatum
56%
94 Damian Lillard
55%
89 Trae Young
46%
89 Zion Williamson
26%
88 Rudy Gobert
19%
88 Khris Middleton
9%
No matching quizzes found
Score Distribution
Percent of People with Each Score
Percentile by Number Answered
Your Score History
You have not taken this quiz